01473 a2200193 4500003000500000005001700005020001800022040000900040082001700049100002400066245009800090250001200188260004900200300003400249505082500283942002601108999001901134952012601153NUST20221118151040.0 a9788120340534 cNust a515.2433,SOM aSoman, K.P.9101111 aInsight into wavelets :bfrom theory to practice /cK.P.Soman , K.I Ramachandran & N.G. Resmi a3rd ed. aPHI Learning Privet LimitedbNew Delhic2010 axviii, 447 pbiluscinculd CD aThe Age of Wavelets (Page-10, Fourier Series and Geometry (Page-16), Continuous Wavelet and Short time Fourier Transform (Page-33), Discrete Wavelet Transform (Page-50), Designing Orthogonal Wavelet Systems- A Direct Approach (Page-75), Discrete Wavelet Transform and Relation to Filter Banks (Page-940, Computing and Plotting Scaling and Wavelet Functions (Page-111), Biorthogonal (Page-127), Designing Wavelets-Frequency Domain Approach (Page-143), Groebner Basic for Wavelet Design (Page-184), Wavelet Packet Analysis (Page-193), M-Band Wavelets (Page-203), Introduction to Multi wavelets (Page-229), Lifting Scheme (Page-2780, Image Compression (Page-3240, Denoising (Page-349), Beyond Wavelets: The Ridgelets and Curvelets (Page-366), Spline Wavelets : Introduction and Application to Computer Graphics (Page-392). 2ddccBKk515.2433,SOM c189007d189007 00102ddc4070aMCSbMCScGENd2016-12-12o515.2433,SOMpMCS34779r2016-12-08w2016-12-12yBKzAlmirah No.13, Shelf No.3